Už vidím nervózneho richtára Hovoríme s Ing. arch. Karolom Kartošom

Podrobná bibliografia
Hlavní autori: Kartoš, Karol (Autor), Luptáková, Vlasta, 1940- (Autor)
Médium: Článok
Jazyk:slovenčina
Predmet:

MARC

LEADER 00000nab a2200000 a 4500
001 vtls000396501
003 SK-MaSNL
005 20260304223714.0
008 171108c1990 xo 0 slo
015 |a SNBRB19rr/mm-uuuuu 
035 |a CL0396625 
040 |a SNKBUCL  |b slo  |c SNKBUCL  |e AACR2 
041 0 |a slo 
044 |a xo  |c SK 
080 |a 72  |2 1981 
100 1 |a Kartoš, Karol  |4 aut  |9 1558053 
245 1 0 |a Už vidím nervózneho richtára  |b Hovoríme s Ing. arch. Karolom Kartošom  |c Karol Kartoš, Vlasta Luptáková 
300 |b Obr. 4. 
651 7 |a Banská Bystrica (Slovensko)  |2 snkbucl  |9 22015 
651 7 |a 5301  |2 snkbucl  |9 893756 
655 7 |a články z novín a časopisov  |2 snkbucl  |9 267496 
700 1 |a Luptáková, Vlasta,  |d 1940-  |4 aut  |9 5036 
773 0 |t Smer  |g Roč. 42, č. 222 (21. 9. 1990), s. 8 
850 |a Slovenská národná knižnica v Martine  |a MTA001 
852 |a SNK  |b KIS3GCP 
958 |a RK 
992 |a RBX 
999 |c 3169171  |d 3171101